00680nam a2200241 a 4500001001300000003000900013005001700022008004100039020001000080082001500090100001900105245003100124260003500155300000900190500003500199505001100234650002900245700001900274902000800293942000700301952011500308999001500423nice12345678IN_TiNIC20260116012042.0050524s0000 newa grp 000 0 eng  ac10000a287.2bCLA aClark, Elmer T aAlbum of Methodist History aNew YorkbAbingdon Pressc0000 a336p aincludes index and biblioraphy2 aIllus. aMethodist Church-History1 aClark, Elmer T bRHR cBK 001040708ReferHall-aHMIbHMId2007-07-19g100.00l0o287.2 CLAp05990r2007-07-19v100.00w2005-05-24yBK c5437d5437